000 00340pab a2200145 454500
008 180718b1985 xxu||||| |||| 00| 0 eng d
100 _aKumar, Tej B.
245 _aCommonalities and contrasts
260 _c1985
300 _a20-4
362 _aJuly-Sept.
650 _aRural - Urban Migration
773 _aVikas Varta
909 _a17628
999 _c17628
_d17628